|
|
|
|
| LEADER |
00000cam a2200000 7i4500 |
| 001 |
0000008109 |
| 005 |
20071122093000.0 |
| 008 |
021119s1986 |
| 020 |
|
|
|a 0850389550
|
| 050 |
0 |
0 |
|a HD2346.G7
|b B377
|
| 090 |
0 |
0 |
|a HD2346.G7
|b B377
|
| 100 |
0 |
|
|a Barrow, Colin ,
|e author
|
| 245 |
0 |
0 |
|a Routes to success :
|b case studies of 40 UK small business ventures
|c Colin Barrow
|
| 260 |
2 |
|
|a London :
|b Kogan Page ,
|c 1986
|
| 300 |
|
|
|a 414 p. ; ;
|c 22 cm.
|
| 500 |
|
|
|a Includes index
|
| 650 |
|
0 |
|a Small business
|z Great Britain
|v Case studies
|
| 999 |
|
|
|a 1000011710
|b Book
|c OPEN SHELF (30 DAYS)
|e Gong Badak Campus
|